Politické vedy časopis pre politológiu, najnovšie dejiny, medzinárodné vzťahy

Bibliographic Details
Other Authors: Ušiak, Jaroslav, 1983- (Publishing director)
Format: Journal
Language:Slovak
Czech
English
PhysicalDescription:zv. 21 cm
Online vydanie: Politické vedy (Online) ISSN 1338-5623
Published: Bratislava Banská Bystrica Politologický kabinet SAV Fakulta politických vied a medzinárodných vzťahov UMB 1998-
Banská Bystrica Fakulta politických vied a medzinárodných vzťahov UMB
Banská Bystrica Bratislava Fakulta politických vied a medzinárodných vzťahov UMB Politologický ústav SAV
Banská Bystrica Belianum, UMB
Banská Bystrica
ISSN:1335-2741
1338-5623
Subjects:
Online Access:http://www.politickevedy.fpvmv.umb.sk/

MARC

LEADER 00000cas a2200000 a 4500
001 vtls001481415
003 SK-MaSNL
005 20260228160840.0
008 090722c19989999xo qr p 0 0b0slo
022 |a 1335-2741 
035 |a SNK000436712 
035 |a (SVKBB03)vtls000046827 
040 |a SNK  |b slo  |c SNK  |d SVKBB  |e AACR2 
041 0 |a slo  |a cze  |a eng  |b eng 
044 |a xo  |c SK 
072 7 |a 32  |x Politika  |2 konspekt 
072 7 |a 321  |x Politológia  |2 konspekt 
080 |a 321  |2 2011 
080 |a 327  |2 2011 
080 |a 050  |2 2011 
080 |a 32  |2 2011 
080 |a 001(051)  |2 2011 
210 0 |a Polit. vedy  |b (Tlačené vyd.) 
222 0 |a Politické vedy  |b (Tlačené vydanie) 
245 0 0 |a Politické vedy  |b časopis pre politológiu, najnovšie dejiny, medzinárodné vzťahy 
246 1 1 |a Political sciences  |b journal for political sciences, modern history, international relations, security studies 
246 1 2 |a Media, internet, democracy  |f 4/2012 
260 |a Bratislava  |b Politologický kabinet SAV  |a Banská Bystrica  |b Fakulta politických vied a medzinárodných vzťahov UMB  |c 1998- 
260 2 |3 2000  |a Banská Bystrica  |b Fakulta politických vied a medzinárodných vzťahov UMB 
260 2 |3 2001-2002  |a Banská Bystrica  |b Fakulta politických vied a medzinárodných vzťahov UMB  |a Bratislava  |b Politologický ústav SAV 
260 2 |3 2003-2014  |a Banská Bystrica  |b Fakulta politických vied a medzinárodných vzťahov UMB 
260 3 |3 2015-  |a Banská Bystrica  |b Belianum, UMB 
300 |a zv.  |c 21 cm 
310 |a 4x ročne 
362 0 |a Roč. I, č. 1 (1998)- 
500 |a Reg. č.: MK SR 1799/1997 
500 |a Šéfredaktor: 2015- , Jaroslav Ušiak 
500 |a Podnázov od r. 2009: časopis pre politológiu, najnovšie dejiny, medzinárodné vzťahy, bezpečnostné štúdiá 
500 |a Reg. č.: EV 755/08 
504 |a Bibliogr. odkazy ; bibliogr. pozn. 
530 |a Online vydanie: Politické vedy (Online) ISSN 1338-5623 
546 |a Čiast. text v češ. a angl. ; res. angl. 
650 0 7 |a politológia  |2 SNKPH  |9 4684 
650 0 7 |a medzinárodné vzťahy  |2 SNKPH  |9 3690 
655 7 |a vedecké časopisy  |2 SNKPH  |9 70520 
700 1 |a Ušiak, Jaroslav,  |d 1983-  |4 pbd  |9 261831 
710 2 |a Univerzita Mateja Bela v Banskej Bystrici.  |b Fakulta politických vied a medzinárodných vzťahov  |4 pbl  |9 124598 
710 2 |a Slovenská akadémia vied.  |b Ústav politických vied  |4 pbl  |9 169369 
776 0 |t Politické vedy (Online)  |x 1338-5623 
856 4 1 |u http://www.politickevedy.fpvmv.umb.sk/ 
910 |a snk 
910 |a svkbb 
916 |a 1998-2012, 2013-2017, 2018, 2019, 2020, 2021 
999 |c 3757  |d 5687 
952 |0 0  |1 0  |4 0  |7 0  |8 0  |a SNK  |b SNK  |d 2021-05-26  |f 1  |i snk2021/5749  |l 0  |o snkČSD 2239/23/2020/1  |p 17A1433854  |r 2026-02-21 19:29:19  |t č. 1-2  |w 2026-02-21  |y PREZ 
952 |0 0  |1 0  |4 0  |7 0  |8 0  |a SNK  |b SNK  |d 2021-05-26  |f 1  |i snk2021/5755  |l 0  |o snkČSD 2239/23/2020/2  |p 17A1433855  |r 2026-02-21 19:29:22  |t č. 3-4  |w 2026-02-21  |y PREZ 
952 |0 0  |1 0  |4 0  |7 0  |8 0  |a SNK  |b SNK  |d 2025-09-05  |i snk2025/14072  |l 0  |o snkČSD 2239/25/2022/1 D1  |p 17A1557808  |r 2026-02-21 20:02:58  |t č. 1-2  |w 2026-02-21  |y PREZ 
952 |0 0  |1 0  |4 0  |7 0  |8 0  |a SNK  |b SNK  |d 2025-09-05  |i snk2025/14073  |l 0  |o snkČSD 2239/25/2022/2 D1  |p 17A1557809  |r 2026-02-21 20:02:58  |t č. 3-4  |w 2026-02-21  |y PREZ 
952 |0 0  |1 0  |4 0  |7 0  |8 0  |a SNK  |b SNK  |d 2025-09-05  |i snk2025/14076  |l 0  |o snkČSD 2239/26/2023/1  |p 17A1557810  |r 2026-02-21 20:02:58  |t č. 1-2  |w 2026-02-21  |y PREZ 
952 |0 0  |1 0  |4 0  |7 0  |8 0  |a SNK  |b SNK  |d 2025-09-05  |i snk2025/14078  |l 0  |o snkČSD 2239/26/2023/2  |p 17A1557811  |r 2026-02-21 20:02:58  |t č. 3-4  |w 2026-02-21  |y PREZ 
952 |0 0  |1 0  |4 0  |7 0  |8 0  |a SNK  |b SNK  |d 2025-09-05  |i snk2025/14079  |l 0  |o snkČSD 2239/27/2024/1  |p 17A1557812  |r 2026-02-21 20:02:59  |t č. 1-2  |w 2026-02-21  |y PREZ 
952 |0 0  |1 0  |4 0  |7 0  |8 0  |a SNK  |b SNK  |d 2025-09-05  |i snk2025/14080  |l 0  |o snkČSD 2239/27/2024/2  |p 17A1557813  |r 2026-02-21 20:02:59  |t č. 3-4  |w 2026-02-21  |y PREZ 
952 |0 0  |1 0  |4 0  |7 0  |8 0  |a SNK  |b SNK  |d 2022-04-26  |i snk2022/6135  |l 0  |o snkČSD 2239/21/2018/1 D1  |p 17A1462731  |r 2026-02-21 20:03:42  |t č. 1-2  |w 2026-02-21  |y PREZ 
952 |0 0  |1 0  |4 0  |7 0  |8 0  |a SNK  |b SNK  |d 2022-04-26  |i snk2022/6137  |l 0  |o snkČSD 2239/21/2018/2 D1  |p 17A1462732  |r 2026-02-21 20:03:43  |t č. 3-4  |w 2026-02-21  |y PREZ 
952 |0 0  |1 0  |4 0  |7 0  |8 0  |a SNK  |b SNK  |d 2022-04-26  |i snk2022/6138  |l 0  |o snkČSD 2239/22/2019/1 D1  |p 17A1462733  |r 2026-02-21 20:03:43  |t č. 1-2  |w 2026-02-21  |y PREZ 
952 |0 0  |1 0  |4 0  |7 0  |8 0  |a SNK  |b SNK  |d 2022-04-26  |i snk2022/6139  |l 0  |o snkČSD 2239/22/2019/2 D1  |p 17A1462734  |r 2026-02-21 20:03:43  |t č. 3-4  |w 2026-02-21  |y PREZ 
952 |0 0  |1 0  |4 0  |7 0  |8 0  |a SNK  |b SNK  |d 2022-04-26  |i snk2022/6140  |l 0  |o snkČSD 2239/23/2020/1 D1  |p 17A1462735  |r 2026-02-21 20:03:43  |t č. 1-2  |w 2026-02-21  |y PREZ 
952 |0 0  |1 0  |4 0  |7 0  |8 0  |a SNK  |b SNK  |d 2022-04-26  |i snk2022/6142  |l 0  |o snkČSD 2239/23/2020/2 D1  |p 17A1462736  |r 2026-02-21 20:03:43  |t č. 3-4  |w 2026-02-21  |y PREZ 
952 |0 0  |1 0  |4 0  |7 0  |8 0  |a SNK  |b SNK  |d 2023-02-13  |f 1  |i snk2023/2616  |l 0  |o snkČSD 2239/24/2021/1  |p 17A1465461  |r 2026-02-21 20:11:42  |t č. 1-2  |w 2026-02-21  |y PREZ 
952 |0 0  |1 0  |4 0  |7 0  |8 0  |a SNK  |b SNK  |d 2023-02-13  |f 1  |i snk2023/2617  |l 0  |o snkČSD 2239/24/2021/2  |p 17A1465462  |r 2026-02-21 20:11:42  |t č. 3-4  |w 2026-02-21  |y PREZ 
952 |0 0  |1 0  |4 0  |7 0  |8 0  |a SNK  |b SNK  |d 2009-08-07  |i snk2009/14328  |l 0  |o snkČSD 2239/6/2003 D1  |p 17A0609614  |r 2026-02-21 20:16:08  |t č. 1-4  |w 2026-02-21  |y PREZ 
952 |0 0  |1 0  |4 0  |7 0  |8 0  |a SNK  |b SNK  |d 2009-08-07  |i snk2009/14342  |l 0  |o snkČSD 2239/9/2006 D1  |p 17A0609620  |r 2026-02-21 20:16:08  |t č. 1-4  |w 2026-02-21  |y PREZ 
952 |0 0  |1 0  |4 0  |7 0  |a SNK  |b SNK  |d 2006-03-04  |f 1  |i snkČSP 2546/2001  |l 0  |o snkČSD 2239/2/1999  |p 17A0498077  |r 2026-02-21 20:16:43  |t č. 1-4  |w 2026-02-21  |y PREZ 
952 |0 0  |1 0  |4 0  |7 0  |8 0  |a SNK  |b SNK  |d 2009-08-07  |i snk2009/14336  |l 0  |o snkČSD 2239/8/2005 D1  |p 17A0609618  |r 2026-02-21 20:22:21  |t č. 1-4  |w 2026-02-21  |y PREZ 
952 |0 0  |1 0  |4 0  |7 0  |a SNK  |b SNK  |d 2004-03-04  |f 1  |i snkČSP 2544/2001  |l 0  |o snkČSD 2239/1/1998  |p 17A0417002  |r 2005-01-02 00:00:00  |t č. 1-4  |w 2026-02-21  |y PREZ 
952 |0 0  |1 0  |4 0  |7 0  |8 0  |a SNK  |b SNK  |d 2014-12-17  |i snk2014/28135  |l 0  |o snkČSD 2239/15/2012 D1  |p 17A0870868  |r 2026-02-21 20:42:46  |t č. 1-4  |w 2026-02-21  |y PREZ 
952 |0 0  |1 0  |4 0  |7 0  |a SNK  |b SNK  |d 2004-09-08  |f 1  |i snkČSP 519/2004  |l 0  |o snkČSD 2239/3/2000  |p 17A0440437  |r 2005-01-02 00:00:00  |t č. 1-4  |w 2026-02-21  |y PREZ 
952 |0 0  |1 0  |4 0  |7 0  |a SNK  |b SNK  |d 2004-09-21  |i snkČSP 522/2004  |l 0  |o snkČSD 2239/5/2002 D1  |p 17A0498830  |r 2005-01-02 00:00:00  |t č. 1-4  |w 2026-02-21  |y PREZ 
952 |0 0  |1 0  |4 0  |7 0  |a SNK  |b SNK  |d 2004-09-27  |f 1  |i snkČSP 521/2004  |l 0  |o snkČSD 2239/5/2002  |p 17A0626048  |r 2005-01-02 00:00:00  |t č. 1-4  |w 2026-02-21  |y PREZ 
952 |0 0  |1 0  |4 0  |7 0  |a SNK  |b SNK  |d 2002-09-30  |i snkČSP 2547/2001  |l 0  |o snkČSD 2239/2/1999 D1  |p 17A0358455  |r 2005-01-02 00:00:00  |t č. 1-4  |w 2026-02-21  |y PREZ 
952 |0 0  |1 0  |4 0  |7 0  |a SNK  |b SNK  |d 2003-07-04  |i snkČSP 2545/2001  |l 0  |o snkČSD 2239/1/1998 D1  |p 17A0388345  |r 2005-01-02 00:00:00  |t č. 1-4  |w 2026-02-21  |y PREZ 
952 |0 0  |1 0  |4 0  |7 0  |a SNK  |b SNK  |d 2005-04-09  |i snkČSP 520/2004  |l 0  |o snkČSD 2239/3/2000 D1  |p 17A0466281  |r 2026-02-21 21:20:47  |t č. 1-4  |w 2026-02-21  |y PREZ 
952 |0 0  |1 0  |4 0  |7 0  |8 0  |a SNK  |b SNK  |d 2023-05-18  |i snk2023/7954  |l 0  |o snkČSD 2239/24/2021/1 D1  |p 17A1520357  |r 2026-02-21 21:21:12  |t č. 1-2, neúplné  |w 2026-02-21  |y PREZ  |z Chýba č. 1 
952 |0 0  |1 0  |4 0  |7 0  |8 0  |a SNK  |b SNK  |d 2023-05-18  |i snk2023/7955  |l 0  |o snkČSD 2239/24/2021/2 D1  |p 17A1520358  |r 2026-02-21 21:21:12  |t č. 3-4  |w 2026-02-21  |y PREZ 
952 |0 0  |1 0  |4 0  |7 0  |8 0  |a SNK  |b SNK  |d 2023-05-18  |i snk2023/7966  |l 0  |o snkČSD 2239/25/2022/1  |p 17A1520359  |r 2026-02-21 21:21:12  |t č. 1-2  |w 2026-02-21  |y PREZ 
952 |0 0  |1 0  |4 0  |7 0  |8 0  |a SNK  |b SNK  |d 2023-05-18  |i snk2023/7967  |l 0  |o snkČSD 2239/25/2022/2  |p 17A1520360  |r 2026-02-21 21:21:12  |t č. 3-4  |w 2026-02-21  |y PREZ 
952 |0 0  |1 0  |4 0  |7 0  |8 0  |a SNK  |b SNK  |d 2009-08-07  |f 1  |i snk2009/14314  |l 0  |o snkČSD 2239/4/2001  |p 17A0609611  |r 2026-02-21 21:30:24  |t č. 1-4  |w 2026-02-21  |y PREZ 
952 |0 0  |1 0  |4 0  |7 0  |8 0  |a SNK  |b SNK  |d 2009-08-07  |i snk2009/14316  |l 0  |o snkČSD 2239/4/2001 D1  |p 17A0609612  |r 2026-02-21 21:30:24  |t č. 1-2, neúpl.  |w 2026-02-21  |y PREZ  |z Chýba č. 3-4. 
952 |0 0  |1 0  |4 0  |7 0  |8 0  |a SNK  |b SNK  |d 2009-08-07  |f 1  |i snk2009/14326  |l 0  |o snkČSD 2239/6/2003  |p 17A0609613  |r 2026-02-21 21:30:24  |t č. 1-4  |w 2026-02-21  |y PREZ 
952 |0 0  |1 0  |4 0  |7 0  |8 0  |a SNK  |b SNK  |d 2009-08-07  |f 1  |i snk2009/14329  |l 0  |o snkČSD 2239/7/2004  |p 17A0609615  |r 2026-02-21 21:30:24  |t č. 1-4  |w 2026-02-21  |y PREZ 
952 |0 0  |1 0  |4 0  |7 0  |8 0  |a SNK  |b SNK  |d 2009-08-07  |i snk2009/14330  |l 0  |o snkČSD 2239/7/2004 D1  |p 17A0609616  |r 2026-02-21 21:30:24  |t č. 1-4  |w 2026-02-21  |y PREZ 
952 |0 0  |1 0  |4 0  |7 0  |8 0  |a SNK  |b SNK  |d 2009-08-07  |f 1  |i snk2009/14332  |l 0  |o snkČSD 2239/8/2005  |p 17A0609617  |r 2026-02-21 21:30:24  |t č. 1-4  |w 2026-02-21  |y PREZ 
952 |0 0  |1 0  |4 0  |7 0  |8 0  |a SNK  |b SNK  |d 2009-08-07  |f 1  |i snk2009/14337  |l 0  |o snkČSD 2239/9/2006  |p 17A0609619  |r 2026-02-21 21:30:24  |t č. 1-4  |w 2026-02-21  |y PREZ 
952 |0 0  |1 0  |4 0  |7 0  |8 0  |a SNK  |b SNK  |d 2013-09-19  |f 1  |i snk2013/21946  |l 0  |o snkČSD 2239/10/2007  |p 17A1085735  |r 2026-02-21 21:31:25  |t č. 1-4  |w 2026-02-21  |y PREZ 
952 |0 0  |1 0  |4 0  |7 0  |8 0  |a SNK  |b SNK  |d 2013-09-19  |i snk2013/21948  |l 0  |o snkČSD 2239/10/2007 D1  |p 17A1085736  |r 2026-02-21 21:31:25  |t č. 1-4  |w 2026-02-21  |y PREZ 
952 |0 0  |1 0  |4 0  |7 0  |8 0  |a SNK  |b SNK  |d 2013-09-19  |f 1  |i snk2013/21950  |l 0  |o snkČSD 2239/11/2008  |p 17A1085737  |r 2026-02-21 21:31:25  |t č. 1-4  |w 2026-02-21  |y PREZ 
952 |0 0  |1 0  |4 0  |7 0  |8 0  |a SNK  |b SNK  |d 2013-09-19  |i snk2013/21952  |l 0  |o snkČSD 2239/11/2008 D1  |p 17A1085738  |r 2026-02-21 21:31:26  |t č. 1-4  |w 2026-02-21  |y PREZ 
952 |0 0  |1 0  |4 0  |7 0  |8 0  |a SNK  |b SNK  |d 2013-09-19  |f 1  |i snk2013/21955  |l 0  |o snkČSD 2239/12/2009  |p 17A1085739  |r 2026-02-21 21:31:26  |t č. 1-4  |w 2026-02-21  |y PREZ 
952 |0 0  |1 0  |4 0  |7 0  |8 0  |a SNK  |b SNK  |d 2013-09-19  |i snk2013/21956  |l 0  |o snkČSD 2239/12/2009 D1  |p 17A1085740  |r 2026-02-21 21:31:26  |t č. 1-4  |w 2026-02-21  |y PREZ 
952 |0 0  |1 0  |4 0  |7 0  |8 0  |a SNK  |b SNK  |d 2013-09-19  |f 1  |i snk2013/21958  |l 0  |o snkČSD 2239/13/2010  |p 17A1085741  |r 2026-02-21 21:31:26  |t č. 1-4  |w 2026-02-21  |y PREZ 
952 |0 0  |1 0  |4 0  |7 0  |8 0  |a SNK  |b SNK  |d 2013-09-19  |i snk2013/21961  |l 0  |o snkČSD 2239/13/2010 D1  |p 17A1085742  |r 2026-02-21 21:31:26  |t č. 1-4  |w 2026-02-21  |y PREZ 
952 |0 0  |1 0  |4 0  |7 0  |8 0  |a SNK  |b SNK  |d 2013-09-19  |f 1  |i snk2013/21964  |l 0  |o snkČSD 2239/14/2011  |p 17A1085743  |r 2026-02-21 21:31:26  |t č. 1-4  |w 2026-02-21  |y PREZ 
952 |0 0  |1 0  |4 0  |7 0  |8 0  |a SNK  |b SNK  |d 2013-09-19  |i snk2013/21965  |l 0  |o snkČSD 2239/14/2011 D1  |p 17A1085744  |r 2026-02-21 21:31:26  |t č. 1-4  |w 2026-02-21  |y PREZ 
952 |0 0  |1 0  |4 0  |7 0  |8 0  |a SNK  |b SNK  |d 2013-09-19  |f 1  |i snk2013/21972  |l 0  |o snkČSD 2239/15/2012  |p 17A1085745  |r 2026-02-21 21:31:26  |t č. 1-4  |w 2026-02-21  |y PREZ 
952 |0 0  |1 0  |4 0  |7 0  |8 0  |a SNK  |b SNK  |d 2015-05-12  |f 1  |i snk2015/15159  |l 0  |o snkČSD 2239/16/2013  |p 17A1079047  |r 2026-02-21 21:33:54  |t č. 1-4  |w 2026-02-21  |y PREZ 
952 |0 0  |1 0  |4 0  |7 0  |8 0  |a SNK  |b SNK  |d 2015-05-12  |i snk2015/15162  |l 0  |o snkČSD 2239/16/2013 D1  |p 17A1079046  |r 2026-02-21 21:33:54  |t č. 1-4  |w 2026-02-21  |y PREZ 
952 |0 0  |1 0  |4 0  |7 0  |8 0  |a SNK  |b SNK  |d 2015-05-12  |f 1  |i snk2015/15169  |l 0  |o snkČSD 2239/17/2014  |p 17A1079045  |r 2026-02-21 21:33:54  |t č. 1-4  |w 2026-02-21  |y PREZ 
952 |0 0  |1 0  |4 0  |7 0  |8 0  |a SNK  |b SNK  |d 2020-02-03  |i snk2020/2313  |l 0  |o snkČSD 2239/20/2017/1 D1  |p 17A1385660  |r 2026-02-21 21:50:59  |t č. 1-2  |w 2026-02-21  |y PREZ 
952 |0 0  |1 0  |4 0  |7 0  |8 0  |a SNK  |b SNK  |d 2020-02-03  |i snk2020/2314  |l 0  |o snkČSD 2239/20/2017/2 D1  |p 17A1385659  |r 2026-02-21 21:51:01  |t č. 3-4  |w 2026-02-21  |y PREZ 
952 |0 0  |1 0  |4 0  |7 0  |8 0  |a SNK  |b SNK  |d 2019-03-14  |i snk2019/6957  |l 0  |o snkČSD 2239/19/2016/1 D1  |p 17A1343861  |r 2026-02-21 21:51:10  |t č. 1-2  |w 2026-02-21  |y PREZ 
952 |0 0  |1 0  |4 0  |7 0  |8 0  |a SNK  |b SNK  |d 2019-03-14  |i snk2019/6958  |l 0  |o snkČSD 2239/19/2016/2 D1  |p 17A1343862  |r 2026-02-21 21:51:10  |t č. 3-4  |w 2026-02-21  |y PREZ 
952 |0 0  |1 0  |4 0  |7 0  |8 0  |a SNK  |b SNK  |d 2019-03-14  |f 1  |i snk2019/6959  |l 0  |o snkČSD 2239/20/2017/1  |p 17A1343863  |r 2026-02-21 21:51:10  |t č. 1-2  |w 2026-02-21  |y PREZ 
952 |0 0  |1 0  |4 0  |7 0  |8 0  |a SNK  |b SNK  |d 2019-03-14  |f 1  |i snk2019/6960  |l 0  |o snkČSD 2239/20/2017/2  |p 17A1343864  |r 2026-02-21 21:51:16  |t č. 3-4  |w 2026-02-21  |y PREZ 
952 |0 0  |1 0  |4 0  |7 0  |8 0  |a SNK  |b SNK  |d 2019-10-09  |f 1  |i snk2019/25408  |l 0  |o snkČSD 2239/21/2018/1  |p 17A1383681  |r 2026-02-21 22:00:03  |t č. 1-2  |w 2026-02-21  |y PREZ 
952 |0 0  |1 0  |4 0  |7 0  |8 0  |a SNK  |b SNK  |d 2019-10-09  |f 1  |i snk2019/25409  |l 0  |o snkČSD 2239/21/2018/2  |p 17A1383682  |r 2026-02-21 22:00:03  |t č. 3-4  |w 2026-02-21  |y PREZ 
952 |0 0  |1 0  |4 0  |7 0  |8 0  |a SNK  |b SNK  |d 2016-10-06  |i snk2016/23342  |l 0  |o snkČSD 2239/17/2014 D1  |p 17A1046231  |r 2026-02-21 22:10:03  |t č. 1-4  |w 2026-02-21  |y PREZ 
952 |0 0  |1 0  |4 0  |7 0  |8 0  |a SNK  |b SNK  |d 2016-10-06  |f 1  |i snk2016/23345  |l 0  |o snkČSD 2239/18/2015  |p 17A1046244  |r 2026-02-21 22:10:03  |t č. 1-4  |w 2026-02-21  |y PREZ 
952 |0 0  |1 0  |4 0  |7 0  |8 0  |a SNK  |b SNK  |d 2017-05-09  |i snk2017/10440  |l 0  |o snkČSD 2239/18/2015/1 D1  |p 17A1206665  |r 2026-02-21 22:11:25  |t č. 1-2  |w 2026-02-21  |y PREZ 
952 |0 0  |1 0  |4 0  |7 0  |8 0  |a SNK  |b SNK  |d 2017-05-09  |i snk2017/10442  |l 0  |o snkČSD 2239/18/2015/2 D1  |p 17A1206667  |r 2026-02-21 22:11:25  |t č. 3-4  |w 2026-02-21  |y PREZ 
952 |0 0  |1 0  |4 0  |7 0  |8 0  |a SNK  |b SNK  |d 2017-05-09  |f 1  |i snk2017/10443  |l 0  |o snkČSD 2239/19/2016/1  |p 17A1206666  |r 2026-02-21 22:11:25  |t č. 1-2  |w 2026-02-21  |y PREZ 
952 |0 0  |1 0  |4 0  |7 0  |8 0  |a SNK  |b SNK  |d 2017-05-09  |f 1  |i snk2017/10445  |l 0  |o snkČSD 2239/19/2016/2  |p 17A1206681  |r 2026-02-21 22:11:25  |t č. 3-4  |w 2026-02-21  |y PREZ 
952 |0 0  |1 0  |4 0  |7 0  |8 0  |a SNK  |b SNK  |d 2020-09-25  |f 1  |i snk2020/17104  |l 0  |o snkČSD 2239/22/2019  |p 17A1431547  |r 2026-02-21 22:16:07  |t č. 1-4  |w 2026-02-21  |y PREZ